Jason Robards Filmography - Statistics

General Stats
  • This quiz has been taken 8 times
    6 since last reset
  • The average score is 9 of 184
Answer Stats
Type Year Name % Correct
Film 1976 All the President's Men
100%
Film 1977 Julia
100%
Theater 1956-1958, 1988 Long Day's Journey into Night
75%
Film 1962 Long Day's Journey into Night
75%
Film 1968 Once Upon a Time in the West
75%
Film 1999 Magnolia
50%
Film 1980 Melvin (and Howard)
50%
Film 1989 Parenthood
50%
Theater 1956, 1985 The Iceman Cometh
50%
TV Film 1960 The Iceman Cometh
50%
Film 1997 A Thousand Acres
25%
Theater 1962-1963 A Thousand Clowns
25%
Film 1965 A Thousand Clowns
25%
Film 1983 Max Dugan Returns
25%
Film 1973 Pat Garrett and Billy the Kid
25%
Film 1993 Philadelphia
25%
Film 1990 Quick Change
25%
Film 1962 Tender is the Night
25%
Award Show 1980 The 34th Annual Tony Awards
25%
Film 1968 The Night They Raided Minsky's
25%
TV Show 1966 ABC Stage 67
0%
TV Film 1964 Abe Lincoln in Illinois
0%
Film 1966 A Big Hand for the Little Lady
0%
Film 1975 A Boy and His Dog
0%
TV Film 1978 A Christmas to Remember
0%
Film 1963 Act One
0%
TV Film 1976 Addie and the King of Hearts
0%
TV Film 1959 A Doll's House
0%
Theater 1964-1965 After the Fall
0%
Theater 1988 Ah, Wilderness!
0%
Documentary Series 1996, 1997 American Experience
0%
Theater 1953-1954 American Gothic
0%
Documentary Series 1991 American Masters
0%
TV Show 1984 American Playhouse
0%
Theater 1987 A Month of Sundays
0%
Theater 1973-1974 A Moon for the Misbegotten
0%
TV Film 1975 A Moon for the Misbegotten
0%
Theater 2000 Ancestral Voices
0%
TV Mini-Series 1991 An Inconvenient Woman
0%
Film 1966 Any Wednesday
0%
TV Show 1955, 1956 Appointment with Adventure
0%
TV Show 1955, 1956 Armstrong Circle Theatre
0%
Theater 1977-1978 A Touch of the Poet
0%
Documentary Mini-Series 1994 Baseball
0%
Film 1998 Beloved
0%
Theater 1961 Big Fish, Little Fish
0%
Film 1989 Black Rainbow
0%
TV Show 1963, 1966 Bob Hope Presents the Chrysler Theatre
0%
TV Film 1987 Breaking Home Ties
0%
Film 1988 Bright Lights, Big City
0%
TV Show 1981 Broadway on Showtime
0%
Theater 1964 But for Whom Charlie
0%
Film 1961 By Love Possessed
0%
Film 1980 Cabo Blanco
0%
TV Film 1991 Chernobyl: The Final Warning
0%
TV Show 1972 Circle of Fear
0%
Film 1978 Comes a Horseman
0%
Film 1995 Crimson Tide
0%
Film 1992 Deceptions
0%
Film 1967 Divorce American Style
0%
TV Show 1960 Dow Hour of Great Mysteries
0%
Film 1989 Dream a Little Dream
0%
Documentary 1991 Empire of the Air: The Men Who Made Radio
0%
Film 1998 Enemy of the State
0%
TV Film 1980 F.D.R.: The Last Year
0%
Short Film 1947 Follow That Music
0%
Film 1970 Fools
0%
Documentary 1980 Ghosts of Cape Horn
0%
TV Film 2000 Going Home
0%
TV Show 1956, 1957 Goodyear Playhouse
0%
TV Show 1984 Great Performances
0%
TV Film 1980 Haywire
0%
Film 1998 Heartwood
0%
TV Mini-Series 1993 Heidi
0%
TV Documentary 1968 Hemingway's Spain: A Love Affair
0%
Film 1967 Hour of the Gun
0%
Theater 1964-1965, 1976, 1993 Hughie
0%
Film 1979 Hurricane
0%
TV Film 1988 Inherit the Wind
0%
Film 1968 Isadora
0%
TV Film 1986 Johnny Bull
0%
Film 1971 Johnny Got His Gun
0%
TV Film 1995 Journey
0%
Film 1971 Jud
0%
Film 1970 Julius Caesar
0%
TV Show 1955, 1956 Justice
0%
Theater 1958 King Henry IV, Part I
0%
TV Film 1987 Laguna Heat
0%
TV Film 1992 Lincoln
0%
Film 1994 Little Big League
0%
Theater 1989-1990 Love Letters
0%
TV Show 1954 Mama
0%
TV Film 1991 Mark Twain and Me
0%
Theater 1995-1996 Molly Sweeney
0%
TV Documentary 2001 Money and Power: The History of Business
0%
Theater 1995 Moonlight
0%
TV Show 1964 Mr. Broadway
0%
Film 1975 Mr. Sycamore
0%
Film 1971 Murders in the Rue Morgue
0%
TV Film 1995 My Antonia
0%
Documentary Series 1985 National Geographic Explorer
0%
TV Show 1959 NBC Sunday Showcase
0%
Theater 1994 No Man's Land
0%
TV Film 1973 Old Faithful
0%
TV Show 1958 Omnibus
0%
TV Film 1992 One More Spring
0%
Documentary Series 1991 On the Waterways
0%
Theater 1991-1992 Park Your Car in Harvard Yard
0%
TV Documentary 1992 Pillar of Fire
0%
TV Show 1959 Playhouse 90
0%
TV Show 1960 Play of the Week
0%
TV Show 1955 Producers' Showcase
0%
Short Film 1992 Rabbit Ears: Jonah and the Whale
0%
Film 1980 Raise the Titanic
0%
TV Show 1992 Reading Rainbow
0%
Film 1989 Reunion
0%
TV Show 1971 Rollin' on the River
0%
Film 1970 Rosolino Paternò, soldato...
0%
TV Film 1984 Sakharov
0%
Commercial 1998 Sanwa Bank
0%
Music Video 1999 Save Me
0%
Film 1983 Something Wicked This Way Comes
0%
TV Film 1969 Spoon River
0%
Film 1987 Square Dance
0%
TV Documentary 1981 Stages: Houseman Directs Lear
0%
TV Show 1955, 1956 Star Tonight
0%
Film 1992 Storyville
0%
TV Show 1955, 1956, 1957 Studio One in Hollywood
0%
Film 1993 The Adventures of Huck Finn
0%
TV Show 1956, 1957 The Alcoa Hour
0%
TV Mini-Series 1985 The Atlanta Child Murders
0%
Film 1970 The Ballad of Cable Hogue
0%
TV Show 1951, 1954 The Big Story
0%
TV Show 1961 The Case of the Dangerous Robin
0%
TV Film 1988 The Christmas Wife
0%
Documentary Mini-Series 1990 The Civil War
0%
Theater 1972 The Country Girl
0%
TV Film 1974 The Country Girl
0%
TV Show 1965 The Danny Kaye Show
0%
TV Film 1983 The Day After
0%
Theater 1965-1966 The Devils
0%
Theater 1958-1959 The Disenchanted
0%
TV Show 1959 The DuPont Show of the Month
0%
TV Show 1963 The DuPont Show of the Week
0%
TV Film 1975 The Easter Promise
0%
TV Show 1958 The Ed Sullivan Show
0%
TV Film 1994 The Enemy Within
0%
Documentary 1966 The Face of a Genius
0%
Film 1988 The Good Mother
0%
Short Documentary 1995 The Great American West
0%
TV Film 1972 The House Without a Christmas Tree
0%
Film 1959 The Journey
0%
TV Film 1986 The Last Frontier
0%
Film 1981 The Legend of the Lone Ranger
0%
TV Mini-Series 1985 The Long Hot Summer
0%
TV Special 1981 The Magic of David Copperfield IV: The Vanishing Airplane
0%
TV Show 1950 The Magnavox Theater
0%
TV Show 1954 The Man Behind the Badge
0%
Film 1994 The Paper
0%
Documentary 1992 The Peoples Palace: Secrets of the New York Public Library
0%
TV Film 1991 The Perfect Tribute
0%
TV Show 1955 The Philco Television Playhouse
0%
Film 1998 The Real Macaw
0%
TV Documentary 1993 The Roots of Roe
0%
TV Show 1957, 1958 The Seven Lively Arts
0%
Film 1976 The Spy Who Never Was
0%
TV Film 1967 The Strange Case of Dr. Jekyll and Mr. Hyde
0%
Film 1967 The St. Valentine's Day Massacre
0%
TV Film 1973 The Thanksgiving Treasure
0%
Film 1993 The Trial
0%
TV Documentary 1985 The Unknown Soldier
0%
Film 1972 The War Between Men and Women
0%
Documentary Mini-Series 1996 The West
0%
Theater 1958 The Winter's Tale
0%
Documentary 1984 The World of Tomorrow
0%
TV Documentary 2000 They Drew Fire
0%
TV Documentary 1988 Thomas Hart Benton
0%
Film 1970 Tora! Tora! Tora!
0%
Theater 1960-1961 Toys in the Attic
0%
TV Mini-Series 1977 Washington: Behind Closed Doors
0%
Theater 1968 We Bombed in New Haven
0%
TV Film 1962 Westinghouse Presents: That's Where the Town is Going
0%
TV Show 1955 Windows
0%
Theater 1983-1984 You Can't Take It with You
0%
No matching quizzes found
Score Distribution
Percent of People with Each Score
Percentile by Number Answered
Your Score History
You have not taken this quiz since the last reset